MARC details
| 000 -LEADER |
| fixed length control field |
02650cam a2200397 i 4500 |
| 001 - CONTROL NUMBER |
| control field |
19415709 |
| 003 - CONTROL NUMBER IDENTIFIER |
| control field |
GZU |
| 005 - DATE AND TIME OF LATEST TRANSACTION |
| control field |
20200721152828.0 |
| 008 - FIXED-LENGTH DATA ELEMENTS--GENERAL INFORMATION |
| fixed length control field |
161222s2016 orub b 001 0 eng d |
| 010 ## - LIBRARY OF CONGRESS CONTROL NUMBER |
| LC control number |
2016440988 |
| 020 ## - INTERNATIONAL STANDARD BOOK NUMBER |
| International Standard Book Number |
9781498293051 |
| 020 ## - INTERNATIONAL STANDARD BOOK NUMBER |
| International Standard Book Number |
1498293050 |
| 035 ## - SYSTEM CONTROL NUMBER |
| System control number |
(OCoLC)ocn962767162 |
| 040 ## - CATALOGING SOURCE |
| Original cataloging agency |
EXN |
| Language of cataloging |
eng |
| Transcribing agency |
EXN |
| Description conventions |
rda |
| Modifying agency |
OCLCO |
| -- |
YDX |
| -- |
DLC |
| 042 ## - AUTHENTICATION CODE |
| Authentication code |
lccopycat |
| 050 00 - LIBRARY OF CONGRESS CALL NUMBER |
| Classification number |
HV6626.23.Z55 |
| Item number |
CHI 2016 |
| 100 1# - MAIN ENTRY--PERSONAL NAME |
| Personal name |
Chitakure, John. |
| Relator term |
author |
| 245 10 - TITLE STATEMENT |
| Title |
Shona women in Zimbabwe - a purchased people? : |
| Remainder of title |
marriage, bridewealth, domestic violence, and the Christian traditions on women / |
| Statement of responsibility, etc. |
John Chitakure. |
| 264 #1 - PRODUCTION, PUBLICATION, DISTRIBUTION, MANUFACTURE, AND COPYRIGHT NOTICE |
| Place of production, publication, distribution, manufacture |
Eugene, Oregon : |
| Name of producer, publisher, distributor, manufacturer |
Pickwick Publications, |
| Date of production, publication, distribution, manufacture, or copyright notice |
2016. |
| 264 #4 - PRODUCTION, PUBLICATION, DISTRIBUTION, MANUFACTURE, AND COPYRIGHT NOTICE |
| Date of production, publication, distribution, manufacture, or copyright notice |
©2016 |
| 300 ## - PHYSICAL DESCRIPTION |
| Extent |
xiv, 150 pages : |
| Other physical details |
maps ; |
| Dimensions |
23 cm. |
| 336 ## - CONTENT TYPE |
| Content type term |
text |
| Content type code |
txt |
| Source |
rdacontent |
| 337 ## - MEDIA TYPE |
| Media type term |
unmediated |
| Media type code |
n |
| Source |
rdamedia |
| 338 ## - CARRIER TYPE |
| Carrier type term |
volume |
| Carrier type code |
nc |
| Source |
rdacarrier |
| 490 1# - SERIES STATEMENT |
| Series statement |
African Christian studies series |
| Volume/sequential designation |
12. |
| 500 ## - GENERAL NOTE |
| General note |
Includes bibliographical references (pages 143-147) and index. |
| 504 ## - BIBLIOGRAPHY, ETC. NOTE |
| Bibliography, etc. note |
Includes bibliographical references (pages 143-147) and index. |
| 520 ## - SUMMARY, ETC. |
| Summary, etc. |
The position and treatment of women in every religion, culture, and society have been subjects of concern for a long time. In every society, women fight for their emancipation from exploitive and oppressive patriarchal structures. The most contentious issues include domestic violence, gender discrimination and inequality in the areas of employment, leadership, and marriage. Domestic violence tops the list and is the worst enemy of any progressive and democratic society. It dehumanizes, disfigures, and demeans its victims and survivors. Shona Women in Zimbabwe--a Purchased People explores the causes of domestic violence--the cultural practice of bridewealth, in particular--and assesses the extent to which it contributes to the proliferation of domestic violence among the Shona people of Zimbabwe. It then explores the Christian traditions, particularly, the Roman Catholic Church, in search of resources that can be used to emancipate Shona women from patriarchal subjugation. Finally, the book offers a pastoral response that is informed by the experiences of the Shona women, their cultural resources, and the Roman Catholic religious tradition. -- back cover. |
| 610 20 - SUBJECT ADDED ENTRY--CORPORATE NAME |
| Corporate name or jurisdiction name as entry element |
Catholic Church |
| Geographic subdivision |
Zimbabwe. |
| 650 #0 - SUBJECT ADDED ENTRY--TOPICAL TERM |
| Topical term or geographic name entry element |
Women, Shona |
| Geographic subdivision |
Zimbabwe |
| General subdivision |
Social conditions. |
| 650 #0 - SUBJECT ADDED ENTRY--TOPICAL TERM |
| Topical term or geographic name entry element |
Women |
| General subdivision |
Violence against |
| Geographic subdivision |
Zimbabwe. |
| 830 #0 - SERIES ADDED ENTRY--UNIFORM TITLE |
| Uniform title |
African Christian studies series ; |
| Volume/sequential designation |
12. |
| 906 ## - LOCAL DATA ELEMENT F, LDF (RLIN) |
| a |
7 |
| b |
cbc |
| c |
copycat |
| d |
2 |
| e |
ncip |
| f |
20 |
| g |
y-gencatlg |
| 942 ## - ADDED ENTRY ELEMENTS (KOHA) |
| Source of classification or shelving scheme |
Library of Congress Classification |
| Koha item type |
Books |
| Classification part |
6626.23.Z55 |
| Item part |
CHI |
| Call number prefix |
HV |